|
|
|
|
| LEADER |
01552nam a2200289 u 4500 |
| 001 |
10076450 |
| 003 |
upatras |
| 005 |
20210117210220.0 |
| 008 |
090924s2006 gr a 1 gre |
| 020 |
|
|
|a 9608915902
|
| 040 |
|
|
|a GR-PaULI
|c GR-PaULI
|b gre
|
| 041 |
0 |
|
|a
|
| 082 |
0 |
4 |
|a 281.949 5
|
| 245 |
1 |
0 |
|a Θράκιος :
|b αφιερωματικός τόμος στον Μητροπολίτη Μαρωνείας καί Κομοτηνής κ. Δαμασκηνό (τριάντα χρόνια θεοφιλούς αρχιερατείας) /
|c επιμέλεια Γ. Κ. Παπάζογλου
|
| 260 |
|
|
|a Κομοτηνή:
|b Δημοκρίτειο Πανεπιστήμιο Θράκης,
|c 2006
|
| 300 |
|
|
|a 311, [2] σ. ;
|b εικ. ;
|c 31 εκ.
|
| 490 |
|
|
|a Θρακική βιβλιοθήκη
|v 10
|
| 504 |
|
|
|a
|
| 600 |
|
0 |
|9 157469
|a Δαμασκηνός
|c Μητροπολίτης Μαρωνείας και Κομοτηνής
|d 1920-
|
| 650 |
|
0 |
|a Μητροπολίτες και επίσκοποι
|9 157470
|z Ελλάδα
|z Ροδόπη (Νομός)
|
| 651 |
|
0 |
|9 157471
|a Ροδόπη (Νομός)
|x Εκκλησιαστική ιστορία
|
| 765 |
|
|
|t 3rd national phytopathological conference
|
| 830 |
|
|
|9 157468
|a Θρακική βιβλιοθήκη
|v 10
|
| 942 |
|
|
|2 ddc
|c BK15
|
| 952 |
|
|
|0 0
|1 0
|2 ddc
|4 0
|6 281_949000000000000_5_ΘΡΑ
|7 0
|9 206316
|a LISP
|b LISP
|c BSC
|d 2016-10-11
|i 090826
|l 0
|o 281.949 5 ΘΡΑ
|p 025000160823
|r 2016-10-11 00:00:00
|t 1
|v 2016.00
|w 2016-10-11
|y BK15
|
| 998 |
|
|
|c ΜΠΟΥΡΑΣ
|d 2016-10
|
| 999 |
|
|
|c 125467
|d 125467
|